G UK Cities Quiz Stats

 Plays Quiz not verified by Sporcle

Also try: H UK Cities
Challenge
Share
Tweet
Embed
Score 0/22 Timer 04:00
0 Plays Today
Size City % Correct
590,507Glasgow
98.3%
136,362Gloucester
89.3%
88,243Grimsby
85%
120,046Gateshead
84.4%
104,157Gillingham
78%
77,057Guildford
76.7%
41,998Grantham
68.4%
38,693Great Yarmouth
66.7%
20,810Goole
65.2%
55,467Gravesend
58.5%
44,248Greenock
58.1%
Size City % Correct
71,529Gosport
54.9%
20,842Gainsborough
51.3%
66,843Grays
47.6%
33,030Glossop
45.3%
22,689Godalming
44.2%
39,277Glenrothes
43.4%
36,770Great Malvern
34.2%
20,997Gatley
33.3%
20,633Gerrards Cross
23.9%
24,741Gorleston-on-Sea
19.9%
24,167Golborne
10.9%

You're not logged in!

Compare scores with friends on all Sporcle quizzes.
Join for Free
OR
Log In

You Might Also Like...

Show Comments

Extras

Top Quizzes Today


Score Distribution

Your Account Isn't Verified!

In order to create a playlist on Sporcle, you need to verify the email address you used during registration. Go to your Sporcle Settings to finish the process.

Report this User

Report this user for behavior that violates our Community Guidelines.

Details: